Global urbanization (Record no. 520820)

000 -LEADER
fixed length control field 00224nam a22000977a 4500
082 ## - DEWEY DECIMAL CLASSIFICATION NUMBER
Classification number TNC T39x54 D169
100 ## - MAIN ENTRY--PERSONAL NAME
Personal name Dutt, A.K.
9 (RLIN) 33708
245 ## - TITLE STATEMENT
Title Global urbanization
260 ## - PUBLICATION, DISTRIBUTION, ETC. (IMPRINT)
Place of publication, distribution, etc Allahabad
Name of publisher, distributor, etc Dubey Founation
300 ## - PHYSICAL DESCRIPTION
Extent 167p.
Holdings
Withdrawn status Lost status Source of classification or shelving scheme Damaged status Koha normalized classification for sorting Not for loan Permanent location Current location Date acquired Full call number Barcode Date last seen Price effective from Koha item type
        TNC_T39X54_D169   Indian Institute of Public Administration Indian Institute of Public Administration 2022-10-17 TNC T39x54 D169 GR24096 2022-10-17 2022-10-17 GR

Powered by Koha